| 000 | 00446nam a22001817a 4500 | ||
|---|---|---|---|
| 005 | 20230110120325.0 | ||
| 008 | 221220b |||||||| |||| 00| 0 eng d | ||
| 020 | _a978-81317-271-0-2 | ||
| 041 | _aeng | ||
| 082 | _a547 MAN-P | ||
| 100 |
_aMANN , F G .,SAUNDER S , B C _97417 |
||
| 245 | _aPRACTICAL ORGANIC CHEMISTRY | ||
| 250 | _a4th ed. | ||
| 260 | _bPEARSON | ||
| 300 | _a586;P. | ||
| 650 |
_aPHARMACY _xD.PHARMA _97090 |
||
| 942 | _cBK | ||
| 999 |
_c8151 _d8149 |
||